MAMA mnam (Record no. 22749)
[ view plain ]
| 000 -NÁVESTIE | |
|---|---|
| fixed length control field | 00305nam a2200133 4500 |
| 008 - ÚDAJE S PEVNOU DĹŽKOU – VŠEOBECNÉ INFORMÁCIE | |
| fixed length control field | 191022s ||||xo d |
| 020 ## - MEDZINÁRODNÉ ŠTANDARDNÉ ČÍSLO KNIHY (ISBN) | |
| Medzinárodné štandardné číslo knihy (ISBN) | 9788097304409 |
| Údaje o dostupnosti | 23,65 |
| 041 1# - KÓD JAZYKA | |
| Kód jazyka textu/zvukovej stopy alebo samostatných nápisov | slo |
| 044 ## - KÓD KRAJINY VYDAVATEĽA/PRODUCENTA | |
| Kód krajiny MARC | xo |
| Kód krajiny ISO | SK |
| 245 10 - NÁZOV | |
| Názov | MAMA mnam |
| 250 ## - ÚDAJ O PORADÍ VYDANIA | |
| Údaj o poradí vydania | 1.vydanie |
| 260 ## - VYDAVATEĽSKÉ ÚDAJE, DISTRIBÚCIA ATĎ. | |
| Názov vydavateľa, distibútora atď. | Connect Agency |
| Miesto publikovania, distribúcie atď. | Bratislava |
| 300 ## - FYZICKÝ POPIS | |
| Rozsah | 265s. |
| Stav stiahnutia (Blokovanie) (Withrawn status) | Stav straty | Zdroj klasifikácie pre skladovanie | Stav poškodenia (Damaged status) | Nie pre výpožičky (Not for loan) | Spôsob nadobudnutia (Collection code) | Trvalé umiestnenie | Aktuálne umiestnenie | Dátum nadobudnutia | Náklady, bežná kúpna cena | Inventárne číslo (prírastkové číslo) | Celkom výpožičky | Celkom prolongácie (predĺženia) | Full call number | Čiarový kód | Dátum posledného výskytu | Dátum poslednej výpôžičky | Cena s účinnosťou od | Typ jednotky Koha |
|---|---|---|---|---|---|---|---|---|---|---|---|---|---|---|---|---|---|---|
| Kúpa | Mestská knižnica Giraltovce | Mestská knižnica Giraltovce | 2019-10-22 | 23.65 | 21085 | 3 | 2 | I1803 | I1803 | 2024-02-12 | 2022-12-06 | 2019-12-12 | Odborná literatúra pre dospelých |